Isaac Levitane

Bewaard in:
Bibliografische gegevens
Hoofdauteur: S Prorokova
Formaat: Boek
Taal:Undetermined
Gepubliceerd in: Moscow Cầu vồng
Onderwerpen:
Tags: Voeg label toe
Geen labels, Wees de eerste die dit record labelt!
Thư viện lưu trữ: Trung tâm Học liệu Trường Đại học Cần Thơ
LEADER 00442nam a2200169Ia 4500
001 CTU_9611
008 210402s9999 xx 000 0 und d
082 |a 750.092 
082 |b P965 
100 |a S Prorokova 
245 0 |a Isaac Levitane 
245 0 |c S Prorokova, Đặng Chung 
260 |a Moscow 
260 |b Cầu vồng 
650 |a painters 
904 |i Minh, 960930 
980 |a Trung tâm Học liệu Trường Đại học Cần Thơ